|
|
|
|
| LEADER |
01038nam a22002777a 4500 |
| 001 |
40406 |
| 003 |
BD-DhAAL |
| 008 |
230109r19791971nyu 000 1 eng d |
| 020 |
|
|
|a 0380441985
|
| 040 |
|
|
|a BD-DhAAL
|c BD-DhAAL
|
| 082 |
0 |
0 |
|a 823.914
|
| 100 |
1 |
|
|a Scott, Paul,
|d 1920-1978.
|
| 245 |
1 |
4 |
|a The towers of silence :
|b a novel /
|c Paul Scott.
|
| 260 |
|
|
|a New York :
|b AVON,
|c c1971 [reprinted 1979].
|
| 300 |
|
|
|a 387 pages ;
|c 18 cm.
|
| 490 |
0 |
|
|a The Raj quartet :
|v Book III
|
| 541 |
1 |
|
|a Donated By Akbar Ali Khan
|e 40406
|
| 650 |
|
0 |
|a British
|z India
|x Fiction.
|
| 650 |
|
0 |
|a English literature.
|
| 651 |
|
0 |
|a India
|x History
|y 20th century
|x Fiction.
|9 53280
|
| 651 |
|
0 |
|a Historical fiction.
|2 gsafd
|9 53283
|
| 830 |
|
|
|a The Raj quartet :
|v Book III
|9 53282
|
| 852 |
|
|
|a Ayesha Abed Library
|c Akbar Ali Khan Collection
|
| 942 |
|
|
|2 ddc
|c BK
|
| 999 |
|
|
|c 45418
|d 45418
|
| 952 |
|
|
|0 0
|1 0
|2 ddc
|4 0
|6 823_914000000000000_SCO
|7 1
|9 72829
|a BRACUL
|b BRACUL
|c AAKC
|d 2023-01-09
|e Donated By Akbar Ali Khan
|l 0
|o 823.914 SCO
|p 3010040406
|r 2024-01-28
|t 1
|w 2023-01-09
|y BK
|